MDQL
is popping MORE tags! Check the
thread
!
Quizzes
Events
Quiz Creation
Community
Videos
Private Events
Remove Ads
Sign In
Join for FREE
Feedback
Dark Mode
Quiz Categories
Sports
Geography
Music
Movies
Television
Just For Fun
Miscellaneous
History
Literature
Language
Science
Gaming
Entertainment
Religion
Holiday
For Kids
Quiz Lab
Recent
Popular Today
Quiz Kudos Today
Editor Picks
Curator Picks
Quizzes by...
Day
Popularity
Type
Ratings
Length
Year
Community
Subscriptions
Recent Discussions
Orange Saloon
Badges
Playlists
Quests
Create
Leaderboards
Showdown
Live 5
Trivia Bingo
Activity
Puzzle Library
Sporcle Events
Private Events
Virtual Trivia
Globe League
Become a Host
Pub Owners
SporcleCon
Opinionation
Our Games
Videos
Blog
Mobile Apps
Partnerships
Remove Ads and Go Orange
Feedback
Sports
Athletes
MLB
NBA
NHL
NFL
Soccer
Sports Teams
WWE
NCAA
Football
Premier League
Basketball
Baseball
Hockey
Golf
Tennis
Cricket
Rugby
Auto Racing
Olympics
World Cup
Sports
Athletes
MLB
NBA
NHL
NFL
Soccer
Sports Teams
WWE
NCAA
Football
Premier League
Basketball
Baseball
Hockey
Golf
Tennis
Cricket
Rugby
Auto Racing
Olympics
World Cup
Random Quiz
Search Sporcle
×
Quiz Lab
Quiz Lab
Sports
score
Type in answers that appear in a list
Type in answers that appear in a list
Classic
Best Score? Go Orange.
Liverpool Hat-tricks Stats
Can you name the Liverpool Hat-tricks?
By
casiofootjoy
5m
24 Questions
917 Plays
917 Plays
917 Plays
Comments
Comments
Give Quiz Kudos
Give Quiz Kudos
-
- Ratings
hide this ad
Replay
Link that replays current quiz
Next Quiz
Link to next quiz in quiz playlist
You Got
0%
They Got
Avg Score
67%
Avg Friend Score
Upgrade to see
Score Distribution
Jump to the score distribution portion of the page
Score
0/24
Timer
05:00
0
Plays Today
Date
Team Scored Against
% Correct
23/
12/
95
Arsenal
95.3%
28/
8/
94
Arsenal
95.2%
31/
3/
07
Arsenal
95.2%
5/
10/
97
Chelsea
87.2%
21/
11/
98
Aston Villa
81.2%
6/
9/
00
Aston Villa
81.2%
22/
3/
09
Aston Villa
81.2%
30/
8/
98
Newcastle United
80.6%
5/
5/
01
Newcastle United
80.6%
5/
3/
08
West Ham United
79.5%
28/
9/
02
Manchester City
78%
15/
10/
00
Derby County
64.1%
Date
Team Scored Against
% Correct
29/
9/
09
Hull City
60.9%
23/
9/
95
Bolton Wanderers
59.5%
20/
10/
01
Leicester City
55.6%
26/
4/
03
West Bromwich Albion
55.6%
14/
12/
96
Middlesbrough
55.3%
26/
2/
08
Middlesbrough
55.3%
30/
11/
93
Southampton
52.7%
16/
1/
99
Southampton
52.7%
13/
11/
04
Crystal Palace
52.1%
12/
9/
09
Burnley
51.5%
17/
4/
93
Coventry City
43.5%
24/
10/
98
Nottingham Forest
37.1%
Quiz Playlist
Details
Report
Send in Message
Add To Playlist
Classic:
Type in answers that appear in a list
Last Updated: Jan 10, 2019
Quiz Scoreboard
CHALLENGE
Sign Up to Join the Scoreboard
Show All
Scores
Hide
Comments
May contain spoilers
Recently Published
Two Season TV Shows II
by 123Four
Television
10m
Image Sorting: Flags VI
by Barbecue
Geography
2m
Find the 'City' Movie
by crazypaving
Movies
60s
More to Explore
Quiz From the Vault
Featured Blog Post
14 Easter Pick-up Lines to Find Eggs With
hide this ad
You Might Also Like...
Tags
Against
date
Hat Tricks
Liverpool
Player
score
team
Today's Top Quizzes in Sports
Browse Sports
hide this ad
Today's Top Quizzes in score
Browse score
Top Contributed Quizzes in Sports
1
Les meilleurs buteurs des matchs entre le PSG et l’OM
2
Les entraîneurs de l'OM et du PSG au 21e siècle
3
2022 World Cup Stars
4
Les joueurs passés par le PSG et l'OM
5
Players with Multiple 50 Home Run Seasons
6
FIFA Club World Cup Champions
7
Criteria MLB: Left Handed Sluggers
8
Les joueurs passés par le LOSC et le RC Lens
9
Top 10 NHL Goal Scorers of All Time
10
NBA Logic Puzzle 2.0
Explore More
Trending Topics
Marvel
Disney
Harry Potter
Crossword
NBA
Anime
Kpop
NFL
Puzzle
WWE
Pokémon
Song
Country
The Office
Soccer
hide this ad
More By:
casiofootjoy
Quiz
Plays
Rating
Category
Featured
Created
Liverpool FC European Goals
1,594
5.00
Sports
Jan 22, 2010
Versus Liverpool Hat Tricks
1,270
2.67
Sports
Mar 19, 2010
Liverpool Hat-tricks
917
2.75
Sports
Mar 19, 2010
50+ Caps for Republic of Ireland
782
5.00
Sports
Jan 10, 2010
Man Countries
213
4.14
Geography
Feb 16, 2010
Go to Creator's Profile
Score Distribution
Quiz Creator Spotlight
casiofootjoy
Follow
Send a Message
Quizzes Created
-
Created Quiz Play Count
-
More By This Creator
Popular Quizzes Today
1
Find the US States - No Outlines Minefield
2
Colored Red Africa Blitz
3
Find the 'City' Movie
4
5x2 Blitz: Bands
5
The Countries of the World
6
Find the Countries of Europe - No Outlines Minefield
7
Find the US States
8
US States
More Sports Quizzes
Sports Rivalries: Messi vs. Ronaldo
Quiz Lab
Trending Quizzes
Colored Red Europe Blitz I
Colored Red Africa Blitz II
Colored Red Europe Blitz II
Colored Red Africa Blitz III
Even More Two Season TV Shows
Recently Updated
March Madness Men's Triple Doubles
pecheneg
How Do You Spell That?
pecheneg
Godzilla Movies
pecheneg
Grab Bag: 4-10 Letters
pecheneg
2024 March Madness Bracket
pecheneg
Famous TV Couples
Peacemaker
Champions League XIs: Real Madrid
pecheneg
Largest US Cities 1790-2010
pecheneg
Rides in Walt Disney World
pecheneg
Most Oscar Losses (Acting)
pecheneg
Trending Topics
Harry Potter
Crossword
Disney
Anime
NBA
Kpop
Marvel
Pokémon
WWE
Country
Song
Soccer
Puzzle
The Office
NFL
Your Account Isn't Verified!
In order to create a playlist on Sporcle, you need to verify the email address you used during registration. Go to your
Sporcle Settings
to finish the process.
Report this User
Report this user for behavior that violates our
Community Guidelines
.
Details:
Send Report
Go to the Sporcle.com Mobile Site →
Comments